000 00289nam a2200097Ia 4500
082 _ampl-13
245 0 _aLasting impressions : looking at marks and imprints
100 _a BURNSCOTT, Leela South Yarra, 2009
_992105
942 _cBK
008 210817s9999 xx 000 0 und d
999 _c390207
_d390206